000 00572pam a2200217 a 4500
001 2315286
005 20180309081036.0
008 811008s1982 ctu b 001 0 eng
010 _a 81016111
020 _a0300025432
040 _aDLC
_cDLC
_dDLC
041 _aeng
080 _a321.8 DAH
082 0 0 _a321.8 DAH
_219
100 1 _a20
101 _aPOL
245 1 0 _aDilemmas of pluralist democracy :
_cRobert A. Dahl.
504 _aBibliography: p. 211-217.
906 _a7
_bcbc
_corignew
_d1
_eocip
_f19
_gy-gencatlg
942 _2ddc
_cBK
999 _c44611
_d44611